000 00406nam a22001337a 4500
003 SGT
082 _a617.672
_bT12T
100 _aNISHANT, TYAGI
245 _aTO EVALUATE THE CRESTAL BONE LEVEL AND PROSTHETIC SUCCESS OF ENDOSSEOUS IMPLANTS WITH INCREASED CROWN- TO - IMPLANT RATIO
260 _aDELHI NCR
_bSGT UNIVERSITY GURUGRAM
_c2012
300 _a1-96
650 _aPROSTHODONTICS
942 _2ddc
_cTH
999 _c16192
_d16192